20 Biggest Irish Cities in English and Irish - Statistics

General Stats
  • This quiz has been taken 253 times
  • The average score is 10 of 40
Answer Stats
Population / Daonra City / Cathair % Correct
553.165 Dublin
100%
125.622 Cork
94%
79.504 Limerick
85%
58.319 Galway
78%
48.369 Waterford
67%
20.167 Wexford
46%
17.355 Sligo
43%
32.288 Dundalk
37%
29.471 Drogheda
33%
125.622 Corcaigh
26%
553.165 Baile Átha Cliath
25%
15.686 Athlone
22%
27.760 Bray
22%
14.017 Killarney
22%
20.869 Tralee
22%
20.475 Ennis
21%
16.017 Letterkenny
21%
14.473 Carlow
20%
58.319 Gaillimh
18%
79.504 Luimneach
18%
21.493 Naas
18%
28.399 Navan
16%
48.639 Port Láirge
15%
17.355 Sligeach
13%
14.257 Clonmel
12%
20.869 Trá Lí
11%
27.760 Bré
9%
20.167 Loch Garman
8%
29.471 Droichead Átha
7%
32.288 Dún Dealgan
7%
20.475 Inis
7%
21.493 An Nás
6%
14.473 Ceatharlach
6%
14.017 Cill Airne
6%
28.399 An Uaimh
5%
14.257 Cluain Meala
4%
15.400 Leixlip
4%
15.686 Baile Átha Luain
3%
16.017 Leitir Ceanainn
2%
15.400 Léim an Bhradáin
1%
No matching quizzes found
Score Distribution
Percent of People with Each Score
Percentile by Number Answered
Your Score History
You have not taken this quiz